A sermon preached at the assizes held at Chelmsford in the county of Essex, September 2d, 1691 before the Honourable Sir William Dolben, Knight, one of the justices of the Court of Kings Bench /

Bibliographic Details
Main Author: Thornton, Stephen, 1657 or 1658-1744
Format: Microform Book
Language:English
Series:Early English books, 1641-1700 ; 752:23.
Subjects:

MARC

Tag First Indicator Second Indicator Subfields
LEADER 00000cam a2200000 a 4500
001 in00000943413
005 20150926130607.0
007 hd afv|||baca
008 860214s1691 miu a 00010 eng d
035 |a (OCoLC)13153486 
035 |9 AET5442AM 
037 |a CL0037000022  |b UMI 
037 |b University Microfilms International, 300 N. Zeeb Road, Ann Arbor, MI 48106. 
040 |a EAA  |c EAA  |d m/c  |d UtOrBLW 
045 0 |b d16910902 
049 |a TXAI 
099 |a film   |a  B   |a  3609 
100 1 |a Thornton, Stephen,  |d 1657 or 1658-1744. 
245 1 2 |a A sermon preached at the assizes held at Chelmsford in the county of Essex, September 2d, 1691 before the Honourable Sir William Dolben, Knight, one of the justices of the Court of Kings Bench /  |c by Stephen Thornton ... 
264 3 |a London :  |b Printed for Samuel Smith ...,  |c 1691. 
300 |a 4 unnumbered pages, 28 pages 
336 |a text  |b txt  |2 rdacontent 
337 |a microform  |b h  |2 rdamedia 
338 |a microfilm reel  |b hd  |2 rdacarrier 
500 |a Advertisement: page 28. 
500 |a Reproduction of original in Duke University Library. 
510 4 |a Wing  |c T1061 
510 4 |a Arber's Term cat.  |c II 376 
533 |a Microfilm.  |b Ann Arbor, Mich. :  |c University Microfilms International,  |d 1977.  |e 1 microfilm reel ; 35 mm.  |f (Early English books, 1641-1700 ; 752:23) 
500 |a Microform. 
630 0 0 |a Bible.  |p Amos V, 15  |x Sermons. 
650 0 |a Sermons, English  |y 17th century. 
830 0 |a Early English books, 1641-1700 ;  |v 752:23. 
999 |a MARS 
999 f f |s 572ca317-d482-3b2e-b91e-47d9a523b7fc  |i 8cf74004-e33e-39e7-9db5-06c9f5920d27  |t 0 
952 f f |p default  |a Texas A&M University  |b College Station  |c Sterling C. Evans Library  |d Evans: Microforms (3rd floor)  |t 0  |e film B 3609 752:23  |h Other scheme  |i microform -- microfilm reel 
998 f f |a film B 3609 752:23  |t 0  |l Evans: Microforms (3rd floor)